| 000 | 00389nam a22001217a 4500 | ||
|---|---|---|---|
| 999 |
_c10167 _d10167 |
||
| 003 | OSt | ||
| 008 | 201218b ||||| |||| 00| 0 eng d | ||
| 245 | _aInternational Journal of Neural Networks and Application | ||
| 250 | _a2010(Jan-Jun Vol.3 No.1, Jul-Dec Vol.3 No.2) | ||
| 260 |
_aGurgaon, Haryana _bInternational Science Press |
||
| 650 | _aComputer Science Engineering | ||
| 942 |
_2ddc _cBV |
||